000 01094nam a22002537a 4500
001 BD-DhSAU 7469
003 BD-DhSAU
005 20230711103445.0
008 150422b2006 bg ||||| m||m 00| 0 eng d
040 _aBD-DhSAU
082 _222
_a634.99
_bM745
100 _aMONDAL, SHAON
_eRegistration No. # 19-10303
245 _aEffect of different salt stress conditions on growth and yield of brinjal (solanum melongena) /
_bMS thesis
260 _aSher-e- Bangla Agricultural University:
_bDepartment of Agroforestry And Environmental Science,
_c2021.
300 _aviii, 61p.:
_b30 cm.
500 _aMS thesis of Department of Agroforestry And Environmental Science, Faculty of Agriculture , Sher-e-Bangla Agricultural University, Dhaka, Bangladesh
590 _aNamul
650 _asalt stress conditions
651 _abrinjal (solanum melongena)
700 _aProf. Dr. Nazmun Naher
_eSuperviser
700 _aProf. Dr. Jubayer-Al-Mahmud
_eCo-Superviser
856 _uhttp://archive.saulibrary.edu.bd:8080/xmlui/handle/123456789/4929
942 _2ddc
_cTHESIS
999 _c16897
_d16896